000 00290nam a22001217a 4500
003 OSt
005 20251027094013.0
008 251027b |||||||| |||| 00| 0 eng d
040 _c
245 _aApplied chemistry-1
_cParadkar,Trupti
260 _bNirali
_c2025
942 _2ddc
_cBK
_k540
_mPAR
_n0
999 _c36261
_d36261